Industrial Minerals and Rocks (Record no. 44195)
[ view plain ]
| 000 -LEADER | |
|---|---|
| fixed length control field | 00793nam a2200253Ia 4500 |
| 003 - CONTROL NUMBER IDENTIFIER | |
| control field | OSt |
| 005 - DATE AND TIME OF LATEST TRANSACTION | |
| control field | 20260108113004.0 |
| 008 - FIXED-LENGTH DATA ELEMENTS--GENERAL INFORMATION | |
| fixed length control field | 220909b |||||||| |||| 00| 0 eng d |
| 020 ## - INTERNATIONAL STANDARD BOOK NUMBER | |
| International Standard Book Number | 0873351037 |
| 037 ## - SOURCE OF ACQUISITION | |
| Terms of availability | Reference Collections |
| 040 ## - CATALOGING SOURCE | |
| Original cataloging agency | CSL |
| Language of cataloging | eng |
| Transcribing agency | CSL |
| 041 ## - LANGUAGE CODE | |
| Language code of text/sound track or separate title | eng |
| 084 ## - COLON CLASSIFICATION NUMBER | |
| Classification number | H71(x84) N4 RR |
| Assigning agency | CSL |
| 245 #0 - TITLE STATEMENT | |
| Title | Industrial Minerals and Rocks |
| 250 ## - EDITION STATEMENT | |
| Edition statement | Ed 6 |
| 260 ## - PUBLICATION, DISTRIBUTION, ETC. | |
| Place of publication, distribution, etc. | Littleton Colorado society for Mining, Metallurgy, and Exploration, Inc |
| Date of publication, distribution, etc. | 1994 |
| 300 ## - PHYSICAL DESCRIPTION | |
| Extent | xvii,1196p. |
| Dimensions | : ill. |
| 500 ## - GENERAL NOTE | |
| General note | Index 1175-1196p |
| 650 ## - SUBJECT ADDED ENTRY--TOPICAL TERM | |
| Topical term or geographic name entry element | Industrial |
| 9 (RLIN) | 862994 |
| 650 ## - SUBJECT ADDED ENTRY--TOPICAL TERM | |
| Topical term or geographic name entry element | Mineral resources |
| 9 (RLIN) | 862995 |
| 650 ## - SUBJECT ADDED ENTRY--TOPICAL TERM | |
| Topical term or geographic name entry element | Geology |
| 9 (RLIN) | 862996 |
| 942 ## - ADDED ENTRY ELEMENTS (KOHA) | |
| Classification part | H71(X8A) N4 RR |
| Koha item type | Reference |
| Source of classification or shelving scheme | Colon Classification (CC) |
| Suppress in OPAC | No |
| Withdrawn status | Lost status | Damaged status | Not for loan | Home library | Current library | Date acquired | Source of acquisition | Total Checkouts | Full call number | Barcode | Date last seen | Price effective from | Koha item type |
|---|---|---|---|---|---|---|---|---|---|---|---|---|---|
| Central Science Library | Central Science Library | 2022-09-12 | Shankar, | H71(X8A) N4 RR | SL1027819 | 2022-09-12 | 2022-09-12 | Reference |
